| 000 | 00575nam a2200217Ia 4500 | ||
|---|---|---|---|
| 005 | 20250506172823.0 | ||
| 008 | 008 250505s9999 xx 000 0 eng d | ||
| 020 | _a9788131609309 | ||
| 037 | _aTB | ||
| 040 |
_aILCL _beng _cILCL |
||
| 041 |
_aeng _2eng |
||
| 082 | _qILCL | ||
| 100 |
_aCapeheart, Loretta _9448790 |
||
| 245 | 0 | _aSocial Justice:Theories, Issues and Movements | |
| 260 |
_aDelhi _bRawat Publications _c2007 |
||
| 300 | _axii,257p. | ||
| 365 | _aINR | ||
| 700 | _aMilovanovic, Dragan | ||
| 942 |
_cTB _2Colon Classification |
||
| 999 |
_c1312135 _d1312135 |
||